|
|
|
|
| LEADER |
01135nta a2200229 i 4500 |
| 001 |
dokt2823 |
| 005 |
20200428103338.0 |
| 008 |
151216s2016 hu om 0|| hun d |
| 024 |
7 |
|
|a 10.14232/phd.2823
|2 doi
|
| 024 |
7 |
|
|a 3105839
|2 mtmt
|
| 040 |
|
|
|a SZTE Doktori Repozitórium
|b hun
|
| 041 |
|
|
|a hun
|
| 100 |
1 |
|
|a Andrási Gábor
|
| 245 |
1 |
2 |
|a A Dráva horvát-magyar szakaszán a vízjárás és a mederdinamika vizsgálata
|h [elektronikus dokumentum] /
|c Andrási Gábor
|
| 246 |
1 |
0 |
|a An analysis of flow regime and channel dynamics on the Croatian-Hungarian section of the Drava River
|h [elektronikus dokumentum]
|
| 260 |
|
|
|c 2016-04-28
|
| 502 |
|
|
|a Disszertacio
|
| 650 |
|
4 |
|a földtudományok
|
| 700 |
1 |
|
|a Kiss Tímea
|e ths
|
| 856 |
4 |
0 |
|u https://doktori.bibl.u-szeged.hu/id/eprint/2823/1/Andr%C3%A1si_G%C3%A1bor_PhD_%C3%A9rtekez%C3%A9s.pdf
|z Dokumentum-elérés
|
| 856 |
4 |
0 |
|u https://doktori.bibl.u-szeged.hu/id/eprint/2823/2/Andr%C3%A1si_G%C3%A1bor_t%C3%A9zisf%C3%BCzet_magyar.pdf
|z Dokumentum-elérés
|
| 856 |
4 |
0 |
|u https://doktori.bibl.u-szeged.hu/id/eprint/2823/3/Andr%C3%A1si_G%C3%A1bor_t%C3%A9zisf%C3%BCzet_angol.pdf
|z Dokumentum-elérés
|